000 00325nam a2200145Ia 4500
100 _aKester/ Walt.
650 _aElectrical Engineering
942 _cBK
654 _aEngineering
245 _aAnalog devices of mixed signal design
260 _bnone
_aUSA
_c1991
082 _a621.3822
546 _aENGLISH
999 _c25326
_d25326